00779 2200265 4500001002100000005001500021035002000036007000300056008004100059020002200100082001000122084001600132100001700148245010100165250001000266260004500276300002700321650001800348700002400366700002000390504003100410520005000441990001100491990001100502INLIS00000000000355220190625025038 a0010-0619000096ta190625 g 0 ind  a978-602-73059-3-9 a297.5 a297.5 AHM z0 aAHMAD, Farid1 aZuhud dan Kelembutan Hati /cAhmad Farid; penerjemah, Fuad Githa Perdana; editor, Ruslan Nurhadi acet.3 aDepok :bPustaka Khazanah Fawa'id,c2017 axvii, 570 hlm ;c24 cm 4aISLAM. AKHLAK0 aFUAD, Githa Perdana0 aRUSLAN, Nurhadi aBibliografi.: hlm. 567-570 aJudul asli: Bahrur Ra'iq fi Zuhdi war Raqa'iq a6846 a a6846 b